| 000 | 00807nam a2200289 a 4500 | ||
|---|---|---|---|
| 001 | 12502 | ||
| 003 | BD-RjUL | ||
| 005 | 20211208235315.0 | ||
| 008 | 140129s2007 ii a b 001 0 eng d | ||
| 020 | _a8172334206 | ||
| 020 | _a8172334214 | ||
| 035 | _a(BD-RjUL)12551 | ||
| 040 |
_aBD-RjUL _cBD-RjUL _beng |
||
| 041 | _aeng | ||
| 060 | 0 | _aQW 4 B789g | |
| 082 |
_a576 _219 _bJAG 2007 |
||
| 100 | 1 |
_aJamaluddin _938921 |
|
| 245 | 1 | 0 |
_aGeneral microbiology / _cJamaluddin; Naveen Malaviya |
| 260 |
_aIndia (Jodhpur) : _bScientific Publisher, _c2007. |
||
| 300 |
_a434 p. : _bill ; _c23 cm |
||
| 504 | _aIncludes bibliographies and index | ||
| 650 | 0 |
_aMicrobiology _938922 |
|
| 650 | 0 |
_aMicrobiology _938923 |
|
| 700 |
_aMalaviya, Naveen. _938924 |
||
| 942 |
_2ddc _cBK |
||
| 999 |
_c12502 _d12502 |
||